000 00721cam a2200229 a 4500
001 15443984
005 20180118093851.0
008 080909s2009 nyu 000 0 eng
010 _a 2008039523
020 _a9780393065145
040 _aDLC
_cDLC
_dDLC
041 _aeng
080 _a338.542 LEW
082 0 0 _a338.542 LEW
_222
100 _a57
101 _aFIN
245 0 0 _aPanic :
_c[edited by] Michael Lewis.
246 3 0 _aModern financial insanity
906 _a7
_bcbc
_corignew
_d1
_eecip
_f20
_gy-gencatlg
942 _2ddc
_cBK
999 _c40511
_d40511